[Event "WC-2016-Q-00002"]
[Site "LSS email"]
[Date "2016.08.29"]
[Round "?"]
[White "Markus, Roland"]
[Black "Morozov, Dmitry"]
[Result "1/2-1/2"]
[WhiteElo "2347"]
[BlackElo "2477"]
[PlyCount "100"]
[EventDate "2016.09.03"]
[EventType "tourn (corr)"]
[EventRounds "12"]
[EventCountry "GER"]
[SourceTitle "Corr 2022"]
[Source "ChessBase"]
[SourceDate "2021.10.24"]
[SourceVersion "1"]
[SourceVersionDate "2021.10.24"]
[SourceQuality "1"]

1. d4 d5 2. Bf4 Nf6 3. e3 c5 4. Nf3 Nc6 5. Nbd2 e6 6. c3 Bd6 7. Bg3 0-0 8. Bb5 Ne7 9. Bd3 c4 10. Bc2 b5 11. 0-0 Bb7 12. Re1 h6 13. b3 Bxg3 14. hxg3 Qc7 15. a4 a6 16. Qc1 Rfc8 17. Qa3 Rab8 18. b4 Ne4 19. Qb2 Ra8 20. Ra3 f6 21. Qb1 Qc6 22. g4 Rf8 23. Qb2 Rae8 24. Nf1 Qc7 25. Rea1 Nc6 26. axb5 axb5 27. Nh4 Qf7 28. f3 f5 29. gxf5 exf5 30. Qc1 Qf6 31. fxe4 fxe4 32. g3 Qf2+ 33. Kh1 g5 34. Ng2 Bc8 35. R3a2 Bh3 36. Bxe4 Qf7 37. Bb1 Qxf1+ 38. Qxf1 Rxf1+ 39. Kh2 Bf5 40. Bxf5 Rxf5 41. Ra6 Rf6 42. Kg1 Rfe6 43. g4 Kh8 44. e4 Nxb4 45. cxb4 Rxa6 46. Rxa6 Rxe4 47. Rxh6+ Kg7 48. Rd6 Rxg4 49. Kf2 Rxd4 50. Ne3 Rf4+ 1/2-1/2

[Event "WC-2016-Q-00002"]
[Site "LSS email"]
[Date "2016.08.29"]
[Round "?"]
[White "Morozov, Dmitry"]
[Black "Contreras, Juan A"]
[Result "1/2-1/2"]
[WhiteElo "2477"]
[BlackElo "2352"]
[PlyCount "113"]
[EventDate "2016.09.03"]
[EventType "tourn (corr)"]
[EventRounds "12"]
[EventCountry "GER"]
[SourceTitle "Corr 2022"]
[Source "ChessBase"]
[SourceDate "2021.10.24"]
[SourceVersion "1"]
[SourceVersionDate "2021.10.24"]
[SourceQuality "1"]

1. e4 e5 2. Nf3 Qe7 3. Nc3 c6 4. d4 d6 5. a4 Nf6 6. Bc4 Qc7 7. 0-0 Be7 8. h3 Nbd7 9. Qe2 0-0 10. a5 exd4 11. Nxd4 Re8 12. Re1 h6 13. Bf4 Bf8 14. Bg3 Rb8 15. Kh1 b5 16. axb6 Nxb6 17. Bb3 a6 18. Nf3 Nbd5 19. Qd3 Nxc3 20. bxc3 Nd7 21. Qd4 Ra8 22. Nd2 Nb6 23. Reb1 c5 24. Qd3 Bb7 25. f3 Rec8 26. Qe2 a5 27. Qb5 Bc6 28. Qxb6 Qxb6 29. Bxf7+ Kxf7 30. Rxb6 a4 31. Nc4 Ke6 32. Rbb1 Ra6 33. Kg1 g5 34. Ra2 h5 35. Ra3 h4 36. Bf2 Raa8 37. Ne3 Rcb8 38. Rc1 Rb2 39. Be1 Rab8 40. Raa1 Ra8 41. Nc4 Rb7 42. Bd2 d5 43. exd5+ Kxd5 44. Na3 Bg7 45. Re1 Re8 46. Be3 Bxc3 47. Rad1+ Bd4 48. c4+ Kd6 49. Nc2 Rb3 50. Nxd4 cxd4 51. Bxd4 Rxe1+ 52. Rxe1 Rb4 53. Bf6 Rxc4 54. Bxg5 Bd5 55. Kf2 Rc2+ 56. Kf1 Rc4 57. Kf2 1/2-1/2

[Event "WC-2016-Q-00002"]
[Site "LSS email"]
[Date "2016.08.29"]
[Round "?"]
[White "Morozov, Dmitry"]
[Black "Pascual Perez, Norge"]
[Result "1/2-1/2"]
[WhiteElo "2477"]
[BlackElo "2433"]
[PlyCount "77"]
[EventDate "2016.09.03"]
[EventType "tourn (corr)"]
[EventRounds "12"]
[EventCountry "GER"]
[SourceTitle "Corr 2022"]
[Source "ChessBase"]
[SourceDate "2021.10.24"]
[SourceVersion "1"]
[SourceVersionDate "2021.10.24"]
[SourceQuality "1"]

1. e4 e5 2. Nf3 Nc6 3. Bb5 a6 4. Ba4 Nf6 5. 0-0 Be7 6. Re1 b5 7. Bb3 0-0 8. c3 d6 9. h3 Bb7 10. d4 Re8 11. Nbd2 Bf8 12. a3 h6 13. Bc2 Nb8 14. b3 Nbd7 15. Bb2 c6 16. Bd3 Nh5 17. g3 g6 18. a4 Qb6 19. Qc2 Rac8 20. h4 Bg7 21. Bf1 Rcd8 22. Bh3 Bc8 23. axb5 axb5 24. Bf1 Bb7 25. Qd3 Ndf6 26. Ba3 Bf8 27. Nh2 Ra8 28. Bb2 Rxa1 29. Bxa1 Qc7 30. Bg2 Bc8 31. c4 bxc4 32. Qxc4 Be6 33. Qc2 exd4 34. Bxd4 Bg7 35. b4 Ra8 36. Qc3 Nd7 37. Bxg7 Nxg7 38. Rc1 Ra2 39. Nhf3 1/2-1/2

[Event "WC-2016-Q-00002"]
[Site "LSS email"]
[Date "2016.08.29"]
[Round "?"]
[White "Morozov, Dmitry"]
[Black "Permykov, Andrey"]
[Result "1/2-1/2"]
[WhiteElo "2477"]
[BlackElo "2294"]
[PlyCount "59"]
[EventDate "2016.09.03"]
[EventType "tourn (corr)"]
[EventRounds "12"]
[EventCountry "GER"]
[SourceTitle "Corr 2022"]
[Source "ChessBase"]
[SourceDate "2021.10.24"]
[SourceVersion "1"]
[SourceVersionDate "2021.10.24"]
[SourceQuality "1"]

1. e4 e5 2. Nf3 Nc6 3. Bb5 a6 4. Ba4 Nf6 5. 0-0 Be7 6. Re1 b5 7. Bb3 0-0 8. c3 d5 9. exd5 Nxd5 10. Nxe5 Nxe5 11. Rxe5 c6 12. d4 Bd6 13. Re1 Qh4 14. g3 Qh3 15. Qe2 Bg4 16. Qf1 Qh5 17. Nd2 Rae8 18. Rxe8 Rxe8 19. f3 Bh3 20. Qf2 Bf5 21. Nf1 Qg6 22. Bxd5 cxd5 23. Ne3 h5 24. Nxf5 Qxf5 25. Bd2 h4 26. Re1 Rxe1+ 27. Bxe1 h3 28. Kf1 Bf8 29. Qe2 Qb1 30. b4 1/2-1/2

[Event "WC-2016-Q-00002"]
[Site "LSS email"]
[Date "2016.08.29"]
[Round "?"]
[White "Morozov, Dmitry"]
[Black "Prozorovskij, Vyacheslav"]
[Result "1/2-1/2"]
[WhiteElo "2477"]
[BlackElo "2145"]
[PlyCount "53"]
[EventDate "2016.09.03"]
[EventType "tourn (corr)"]
[EventRounds "12"]
[EventCountry "GER"]
[SourceTitle "Corr 2022"]
[Source "ChessBase"]
[SourceDate "2021.10.24"]
[SourceVersion "1"]
[SourceVersionDate "2021.10.24"]
[SourceQuality "1"]

1. d4 d5 2. c4 c6 3. Nc3 Nf6 4. Nf3 e6 5. Bg5 h6 6. Bh4 dxc4 7. e4 g5 8. Bg3 b5 9. Be2 Bb7 10. h4 g4 11. Ne5 Nbd7 12. Nxg4 b4 13. Nxf6+ Nxf6 14. Na4 Nxe4 15. Be5 Rg8 16. Bxc4 Bd6 17. Qh5 Qc7 18. Bd3 c5 19. Qe2 Nxf2 20. Bb5+ Bc6 21. Bxd6 Qxd6 22. Rf1 Rxg2 23. Nxc5 Rc8 24. Bxc6+ Rxc6 25. Qf3 Rg3 26. Qxf2 Rxc5 27. dxc5 1/2-1/2

[Event "WC-2016-Q-00002"]
[Site "LSS email"]
[Date "2016.08.29"]
[Round "?"]
[White "Oliveira, Marcio B"]
[Black "Morozov, Dmitry"]
[Result "1/2-1/2"]
[WhiteElo "2278"]
[BlackElo "2477"]
[PlyCount "94"]
[EventDate "2016.09.03"]
[EventType "tourn (corr)"]
[EventRounds "12"]
[EventCountry "GER"]
[SourceTitle "Corr 2022"]
[Source "ChessBase"]
[SourceDate "2021.10.24"]
[SourceVersion "1"]
[SourceVersionDate "2021.10.24"]
[SourceQuality "1"]

1. e4 c5 2. Nf3 d6 3. d4 cxd4 4. Nxd4 Nf6 5. Nc3 a6 6. Be3 e5 7. Nb3 Be6 8. f3 h5 9. Qd2 Nbd7 10. Nd5 Bxd5 11. exd5 g6 12. Be2 Bg7 13. 0-0 b6 14. c4 0-0 15. Rae1 Re8 16. Bf2 Qc7 17. Bd3 b5 18. Rc1 e4 19. cxb5 Qb8 20. fxe4 axb5 21. Rce1 Rxa2 22. Bb1 Ra4 23. Nd4 Ng4 24. Nc6 Qc7 25. b3 Ra1 26. Bd4 Bxd4+ 27. Qxd4 Ra6 28. Qd2 Nge5 29. Qh6 Ra3 30. Rc1 Ng4 31. Qf4 Nde5 32. h3 Nxc6 33. Rxc6 Qa7+ 34. Kh1 Ne5 35. Rxd6 Rxb3 36. Rf6 b4 37. d6 Rc3 38. Rd1 Rc5 39. Qe3 Ra5 40. Qg5 b3 41. d7 Nxd7 42. Rxd7 Qxd7 43. Qxa5 Qd1+ 44. Kh2 Qxb1 45. Qd5 Re6 46. Rxe6 fxe6 47. Qxe6+ Kh7 1/2-1/2

[Event "WC-2016-Q-00002"]
[Site "LSS email"]
[Date "2016.08.29"]
[Round "?"]
[White "Pascual Perez, Norge"]
[Black "Morozov, Dmitry"]
[Result "1/2-1/2"]
[WhiteElo "2433"]
[BlackElo "2477"]
[PlyCount "72"]
[EventDate "2016.09.03"]
[EventType "tourn (corr)"]
[EventRounds "12"]
[EventCountry "GER"]
[SourceTitle "Corr 2022"]
[Source "ChessBase"]
[SourceDate "2021.10.24"]
[SourceVersion "1"]
[SourceVersionDate "2021.10.24"]
[SourceQuality "1"]

1. e4 c5 2. Nf3 d6 3. d4 cxd4 4. Nxd4 Nf6 5. Nc3 a6 6. Bg5 Nbd7 7. Qe2 e6 8. g3 h6 9. Bxf6 Nxf6 10. 0-0-0 Qc7 11. f4 g6 12. Bh3 Bg7 13. f5 e5 14. Nb3 0-0 15. Qd3 b5 16. Bg2 Rd8 17. fxg6 fxg6 18. Nd5 Qc4 19. Na5 Qxd3 20. Nxf6+ Bxf6 21. Rxd3 Bg4 22. Nc6 Rd7 23. Kb1 Rc8 24. Nb4 a5 25. Nd5 Rf8 26. h3 Be6 27. Nb6 Rdd8 28. a3 b4 29. axb4 axb4 30. Rhd1 Be7 31. Nd5 Bxd5 32. Rxd5 Rf2 33. Bf1 Rc8 34. Bd3 Rc5 35. Rxc5 dxc5 36. Rf1 Rxf1+ 1/2-1/2

[Event "CP-2014-Q-00014"]
[Site "LSS email"]
[Date "2014.12.02"]
[Round "?"]
[White "Morozov, Dmitry"]
[Black "Filin, Evgeny"]
[Result "1/2-1/2"]
[WhiteElo "2474"]
[BlackElo "2274"]
[PlyCount "46"]
[EventDate "2014.12.08"]
[EventType "tourn (corr)"]
[EventRounds "6"]
[EventCountry "GER"]
[SourceTitle "Corr 2022"]
[Source "ChessBase"]
[SourceDate "2021.10.24"]
[SourceVersion "1"]
[SourceVersionDate "2021.10.24"]
[SourceQuality "1"]

1. d4 d5 2. c4 c6 3. Nc3 dxc4 4. e4 b5 5. a4 b4 6. Nce2 Ba6 7. Nf3 e6 8. Ng3 c5 9. Be3 cxd4 10. Nxd4 h5 11. Nb5 h4 12. Ne2 Nf6 13. Ned4 Bb7 14. e5 a6 15. exf6 axb5 16. Nxb5 gxf6 17. Qxd8+ Kxd8 18. Bb6+ Kc8 19. Na7+ Kd7 20. Bxc4 Bd6 21. Ke2 Ke7 22. Nb5 Nd7 23. Nxd6 Nxb6 1/2-1/2

[Event "CP-2014-Q-00014"]
[Site "LSS email"]
[Date "2014.12.02"]
[Round "?"]
[White "Morozov, Dmitry"]
[Black "Szabo, Vilmos"]
[Result "1/2-1/2"]
[WhiteElo "2474"]
[BlackElo "2457"]
[PlyCount "51"]
[EventDate "2014.12.08"]
[EventType "tourn (corr)"]
[EventRounds "6"]
[EventCountry "GER"]
[SourceTitle "Corr 2022"]
[Source "ChessBase"]
[SourceDate "2021.10.24"]
[SourceVersion "1"]
[SourceVersionDate "2021.10.24"]
[SourceQuality "1"]

1. d4 Nf6 2. c4 e6 3. Nf3 b6 4. g3 Ba6 5. b3 Bb7 6. Bg2 Bb4+ 7. Bd2 Be7 8. 0-0 d5 9. Nc3 Nbd7 10. cxd5 exd5 11. Nh4 Nf8 12. Nf5 Ne6 13. Nxe7 Qxe7 14. e3 0-0 15. Ne2 Ne4 16. Bc1 Rfe8 17. Bb2 a5 18. a4 h5 19. h4 Ba6 20. Re1 Qf6 21. Nf4 Nxf4 22. exf4 Qg6 23. Rc1 c6 24. Qc2 Re6 25. Re3 Rae8 26. Ba3 1/2-1/2

[Event "WC-2014-Q-00011"]
[Site "LSS email"]
[Date "2014.11.12"]
[Round "?"]
[White "Morozov, Dmitry"]
[Black "Ress, Jacques"]
[Result "1/2-1/2"]
[WhiteElo "2475"]
[BlackElo "2298"]
[PlyCount "63"]
[EventDate "2014.11.20"]
[EventType "tourn (corr)"]
[EventRounds "12"]
[EventCountry "GER"]
[SourceTitle "Corr 2022"]
[Source "ChessBase"]
[SourceDate "2021.10.24"]
[SourceVersion "1"]
[SourceVersionDate "2021.10.24"]
[SourceQuality "1"]

1. d4 d5 2. c4 c6 3. Nc3 Nf6 4. Nf3 dxc4 5. a4 Bf5 6. Ne5 Nbd7 7. Nxc4 Qc7 8. g3 e5 9. dxe5 Nxe5 10. Bf4 Nfd7 11. Bg2 g5 12. Ne3 gxf4 13. Nxf5 0-0-0 14. Qc2 Nc5 15. 0-0 fxg3 16. hxg3 a5 17. Rad1 h5 18. e3 Kb8 19. Rd4 Be7 20. Rc1 Rc8 21. f4 Ng4 22. b4 Ne6 23. Rc4 axb4 24. Nd5 cxd5 25. Rxc7 Rxc7 26. Qb1 Bc5 27. Bxd5 Ng7 28. Kh1 h4 29. Nxh4 Nh5 30. Bf3 Nxe3 31. Kh2 Nxf4 32. Qe4 1/2-1/2

[Event "Malaya Zemlya op"]
[Site "Novorossiysk"]
[Date "2014.07.08"]
[Round "1"]
[White "Morozov, Dmitry"]
[Black "Rolgeizer, Genrikh"]
[Result "0-1"]
[WhiteElo "2378"]
[BlackElo "1738"]
[PlyCount "68"]
[EventDate "2014.07.08"]
[EventType "swiss"]
[EventRounds "9"]
[EventCountry "RUS"]
[SourceTitle "CBM 161 Extra"]
[Source "ChessBase"]
[SourceDate "2014.08.29"]
[SourceVersion "1"]
[SourceVersionDate "2014.08.29"]
[SourceQuality "1"]

1. e4 e5 2. Nf3 d6 3. d4 exd4 4. Nxd4 Nf6 5. Nc3 Nc6 6. Nxc6 bxc6 7. Be2 d5 8. e5 Nd7 9. f4 Bc5 10. Na4 Bb4+ 11. c3 Be7 12. 0-0 0-0 13. Be3 Nb6 14. Nc5 Re8 15. Rc1 Bf8 16. Qe1 f6 17. Bd4 fxe5 18. Bxe5 Bxc5+ 19. Kh1 Bf8 20. Qg3 Nd7 21. Bh5 Re6 22. Rce1 Nxe5 23. fxe5 Re7 24. Rf4 Be6 25. Ref1 Qd7 26. Qf2 Qc8 27. Bf7+ Bxf7 28. Rxf7 Rxf7 29. Qxf7+ Kh8 30. e6 Qe8 31. Qxc7 Qxe6 32. Qxa7 Rxa7 33. Rxf8+ Qg8 34. Rxg8+ Kxg8 0-1

[Event "WC-2013-F-00002"]
[Site "LSS email"]
[Date "2013.07.24"]
[Round "?"]
[White "Kireev, Sergey Ivanovich"]
[Black "Morozov, Dmitry"]
[Result "0-1"]
[WhiteElo "2422"]
[BlackElo "2456"]
[PlyCount "100"]
[EventDate "2013.08.01"]
[EventType "tourn (corr)"]
[EventRounds "10"]
[EventCountry "GER"]
[SourceTitle "Corr 2022"]
[Source "ChessBase"]
[SourceDate "2021.10.24"]
[SourceVersion "1"]
[SourceVersionDate "2021.10.24"]
[SourceQuality "1"]

1. e4 c5 2. Nf3 d6 3. d4 cxd4 4. Nxd4 Nf6 5. Nc3 a6 6. Be3 e5 7. Nb3 Be6 8. f3 h5 9. Nd5 Bxd5 10. exd5 Nbd7 11. Qd2 g6 12. Be2 Bg7 13. 0-0 0-0 14. Rac1 Qc7 15. c4 b6 16. Na1 Rfe8 17. Nc2 Nc5 18. Rfe1 Kh7 19. b3 Ng8 20. Kh1 Bh6 21. b4 Nd7 22. Bd3 a5 23. Bxh6 Nxh6 24. bxa5 Nc5 25. axb6 Qxb6 26. Nb4 Ra4 27. Nc6 Nxd3 28. Qxd3 Rxa2 29. c5 dxc5 30. Qc3 h4 31. Nxe5 Qf6 32. Ra1 Rxa1 33. Qxa1 Rd8 34. Qa2 Qf4 35. h3 Nf5 36. Kg1 Qd4+ 37. Kh2 Kg7 38. Nc6 Qc3 39. Rd1 Re8 40. Qa1 Qxa1 41. Rxa1 Re2 42. Ra4 Re1 43. Rg4 Rd1 44. Na5 Kf8 45. Rf4 Rxd5 46. Re4 Rd1 47. Rf4 Kg7 48. Rg4 f6 49. Rf4 Rb1 50. Nc6 Kh6 0-1

[Event "WC-2013-F-00002"]
[Site "LSS email"]
[Date "2013.07.24"]
[Round "?"]
[White "Minte, Dieter"]
[Black "Morozov, Dmitry"]
[Result "1/2-1/2"]
[WhiteElo "2424"]
[BlackElo "2456"]
[PlyCount "65"]
[EventDate "2013.08.01"]
[EventType "tourn (corr)"]
[EventRounds "10"]
[EventCountry "GER"]
[SourceTitle "Corr 2022"]
[Source "ChessBase"]
[SourceDate "2021.10.24"]
[SourceVersion "1"]
[SourceVersionDate "2021.10.24"]
[SourceQuality "1"]

1. d4 Nf6 2. c4 g6 3. Nc3 d5 4. Qb3 dxc4 5. Qxc4 Bg7 6. e4 0-0 7. Be2 a6 8. Bf4 b5 9. Qxc7 Qxc7 10. Bxc7 Bb7 11. f3 Nc6 12. d5 Nb4 13. Rd1 Nc2+ 14. Kf2 Rac8 15. Ba5 b4 16. Na4 Nd7 17. Nb6 Nxb6 18. Bxb6 Bxb2 19. Bd3 Na3 20. Ne2 Nc4 21. Rb1 Ba3 22. Bd4 e5 23. Bxc4 Rxc4 24. Bxe5 f5 25. Ke3 a5 26. Nf4 Re8 27. Nd3 fxe4 28. fxe4 Rc2 29. Rhf1 Rxa2 30. Rf6 a4 31. Rb6 Bc8 32. Bd6 Bg4 33. Re1 1/2-1/2

[Event "WC-2013-F-00002"]
[Site "LSS email"]
[Date "2013.07.24"]
[Round "?"]
[White "Morozov, Dmitry"]
[Black "Starke, Rene Reiner"]
[Result "1/2-1/2"]
[WhiteElo "2456"]
[BlackElo "2425"]
[PlyCount "75"]
[EventDate "2013.08.01"]
[EventType "tourn (corr)"]
[EventRounds "10"]
[EventCountry "GER"]
[SourceTitle "Corr 2022"]
[Source "ChessBase"]
[SourceDate "2021.10.24"]
[SourceVersion "1"]
[SourceVersionDate "2021.10.24"]
[SourceQuality "1"]

1. e4 c6 2. d4 d5 3. Nc3 dxe4 4. Nxe4 Bf5 5. Ng3 Bg6 6. h4 h6 7. Nf3 Nd7 8. h5 Bh7 9. Bd3 Bxd3 10. Qxd3 e6 11. Bf4 Qa5+ 12. Bd2 Bb4 13. c3 Be7 14. c4 Qc7 15. 0-0-0 Ngf6 16. Rhe1 b5 17. c5 0-0 18. Kb1 a5 19. Ne4 Rad8 20. Rg1 Ng4 21. Qe2 a4 22. g3 a3 23. Bf4 Qa7 24. b3 Ndf6 25. Nxf6+ Nxf6 26. Ne5 Qb7 27. Rd3 Nd5 28. Bd2 Bf6 29. g4 Bxe5 30. dxe5 b4 31. g5 Qb5 32. gxh6 Nc3+ 33. Bxc3 Qxd3+ 34. Qxd3 Rxd3 35. Bxb4 Ra8 36. Kc2 Rf3 37. Rg2 Kh7 38. hxg7 1/2-1/2

[Event "CP-2012-P-00028"]
[Site "LSS email"]
[Date "2012.10.01"]
[Round "?"]
[White "Morozov, Dmitry"]
[Black "Zakharov, Oleg Yu"]
[Result "1-0"]
[WhiteElo "2443"]
[BlackElo "2281"]
[PlyCount "141"]
[EventDate "2012.10.05"]
[EventType "tourn (corr)"]
[EventRounds "6"]
[EventCountry "GER"]
[SourceTitle "Corr 2022"]
[Source "ChessBase"]
[SourceDate "2021.10.24"]
[SourceVersion "1"]
[SourceVersionDate "2021.10.24"]
[SourceQuality "1"]

1. d4 Nf6 2. c4 e6 3. Nc3 Bb4 4. Bg5 c5 5. d5 0-0 6. e3 h6 7. Bh4 d6 8. Nf3 exd5 9. cxd5 Nbd7 10. Be2 Qa5 11. 0-0 Bxc3 12. bxc3 Qxc3 13. Rc1 Qb2 14. Rc2 Qb4 15. Bg3 Qb6 16. Nd2 Qc7 17. e4 Rb8 18. Rb2 Re8 19. Re1 Ne5 20. a4 Bd7 21. Qc2 Ng6 22. Rbb1 Rbc8 23. f3 Nh5 24. Bf2 Nhf4 25. Bf1 b6 26. Be3 Qd8 27. g3 Nh3+ 28. Kh1 Rb8 29. Bg2 Ne5 30. Qb3 f6 31. g4 Ng5 32. f4 Nxg4 33. fxg5 hxg5 34. Bg1 Ne5 35. Nc4 Nxc4 36. Qxc4 Qc8 37. Qb3 Qc7 38. Bf1 Re7 39. Bf2 Rbe8 40. Bd3 Bg4 41. Kg2 Bh5 42. Bg3 Bf7 43. a5 Rb8 44. Qa4 Be8 45. axb6 axb6 46. Bb5 Bg6 47. Ra1 Qd8 48. Kg1 Qc7 49. Bf1 Be8 50. Qc2 Bd7 51. Ra3 Be8 52. Ra6 Qd8 53. Qa2 Qd7 54. Bg2 Qd8 55. Bh3 Bf7 56. Bf5 Reb7 57. h4 gxh4 58. Bxh4 Qe7 59. Qg2 Qe5 60. Bg3 Qc3 61. Rea1 Qe3+ 62. Kh1 Qh6+ 63. Kg1 Qe3+ 64. Kh2 Qh6+ 65. Qh3 Qxh3+ 66. Bxh3 Kh7 67. Ra7 Rxa7 68. Rxa7 Bg6 69. Bxd6 Re8 70. e5 fxe5 71. Bc7 1-0

[Event "Pardubice op rap 21st"]
[Site "Pardubice"]
[Date "2010.07.21"]
[Round "2"]
[White "Morozov, Dmitry"]
[Black "Zakhartsov, Viacheslav V"]
[Result "0-1"]
[WhiteElo "2354"]
[BlackElo "2608"]
[PlyCount "114"]
[EventDate "2010.07.21"]
[EventType "swiss (rapid)"]
[EventRounds "9"]
[EventCountry "CZE"]
[SourceTitle "CBM 137 Extra"]
[Source "ChessBase"]
[SourceDate "2010.09.01"]
[SourceVersion "1"]
[SourceVersionDate "2010.09.01"]
[SourceQuality "1"]

1. e4 c5 2. Nf3 e6 3. d4 cxd4 4. Nxd4 Nc6 5. Nc3 Qc7 6. Be3 a6 7. Qd2 Nf6 8. 0-0-0 Bb4 9. f3 Ne5 10. Nb3 b5 11. Qe1 Be7 12. f4 Ng6 13. e5 Ng4 14. Bd4 Bb7 15. Qg3 h5 16. Bd3 Bh4 17. Qh3 Bf2 18. Bxg6 fxg6 19. Rhf1 Bxd4 20. Rxd4 0-0-0 21. a4 Qb6 22. axb5 axb5 23. Qd3 Bxg2 24. Nxb5 Bxf1 25. Qxf1 d5 26. exd6 Kd7 27. Rc4 Ne3 28. Qd3 Nxc4 29. Qxc4 Qg1+ 30. Kd2 Qf2+ 31. Kd1 Rc8 32. Nc7 Kxd6 33. Nd4 Qg1+ 34. Kd2 Qxh2+ 35. Kc3 Qg3+ 36. Kb4 Qe1+ 37. c3 Ke7 38. Ndxe6 Rxc7 39. Nxc7 Rd8 40. Qc5+ Kf7 41. Qc4+ Kf6 42. Nd5+ Rxd5 43. Qxd5 h4 44. Qd4+ Kf7 45. Kb5 Qe8+ 46. Kb4 h3 47. Qd3 Qb8+ 48. Kc5 Qc8+ 49. Kb6 Qe6+ 50. Kc7 h2 51. Qf3 Kg8 52. Qa8+ Kh7 53. Qg2 Qc4+ 54. Kb6 Qxf4 55. c4 Qh4 56. Qh1 Qf2+ 57. c5 Qg1 0-1

[Event "Pardubice Oce op 19th"]
[Site "Pardubice"]
[Date "2008.07.12"]
[Round "4"]
[White "Morozov, Dmitry"]
[Black "Kononenko, Dmitry"]
[Result "0-1"]
[WhiteElo "2351"]
[BlackElo "2502"]
[PlyCount "132"]
[EventDate "2008.07.10"]
[EventType "team"]
[EventRounds "7"]
[EventCountry "CZE"]
[SourceTitle "CBM 125 Extra"]
[Source "ChessBase"]
[SourceDate "2008.09.01"]
[SourceVersion "1"]
[SourceVersionDate "2008.09.01"]
[SourceQuality "1"]

1. e4 c5 2. Nf3 Nc6 3. d4 cxd4 4. Nxd4 Qb6 5. Nb3 Nf6 6. Nc3 e6 7. Be3 Qc7 8. f4 Bb4 9. Bd3 d5 10. e5 Ne4 11. Bxe4 Bxc3+ 12. bxc3 dxe4 13. Nd2 Ne7 14. Nxe4 Nf5 15. Bd4 b6 16. 0-0 Bb7 17. Qd3 h5 18. a4 Rc8 19. Rf2 Bxe4 20. Qxe4 0-0 21. Qe2 h4 22. a5 bxa5 23. Qa6 Rfd8 24. Qxa5 Nxd4 25. Qxc7 Rxc7 26. cxd4 Rxd4 27. g3 h3 28. Re2 Kh7 29. Kf2 Kg6 30. Kf3 Kh5 31. Rb1 Rdc4 32. Rb8 Rc3+ 33. Kf2 Rxc2 34. Rh8+ Kg4 35. Rh4+ Kf5 36. Rxh3 Rxe2+ 37. Kxe2 Rc8 38. Rh7 Kg6 39. Rh3 a5 40. Kd2 Kf5 41. Rh7 Kg6 42. Rh3 Kf5 43. Rh7 Rg8 44. Kc2 Kg6 45. Rh3 Rb8 46. g4 a4 47. Rf3 Rb4 48. h3 Kh6 49. Kc1 Kh7 50. Kc2 Kg8 51. f5 Kh7 52. fxe6 fxe6 53. Rf8 a3 54. Ra8 Rb2+ 55. Kc3 Rh2 56. Kd4 Rxh3 57. Ke4 Rb3 58. Ra6 g5 59. Ra7+ Kg6 60. Ra6 Kf7 61. Ra7+ Ke8 62. Kd4 Rg3 63. Kc5 Rd3 64. Kc6 Rg3 65. Ra4 Kf7 66. Ra7+ Kg6 0-1

[Event "Pardubice op-A"]
[Site "Pardubice"]
[Date "2006.07.24"]
[Round "4"]
[White "Hoffmann, Michael"]
[Black "Morozov, Dmitry"]
[Result "1-0"]
[WhiteElo "2477"]
[BlackElo "2350"]
[PlyCount "65"]
[EventDate "2006.07.21"]
[EventType "swiss"]
[EventRounds "9"]
[EventCountry "CZE"]
[SourceTitle "CBM 113 Extra"]
[Source "ChessBase"]
[SourceDate "2006.09.14"]
[SourceVersion "1"]
[SourceVersionDate "2006.09.14"]
[SourceQuality "1"]

1. e4 c5 2. Nf3 d6 3. d4 cxd4 4. Nxd4 Nf6 5. Nc3 a6 6. Bg5 e6 7. f4 Qb6 8. Qd2 Qxb2 9. Rb1 Qa3 10. f5 Nc6 11. fxe6 fxe6 12. Nxc6 bxc6 13. e5 dxe5 14. Bxf6 gxf6 15. Ne4 Qxa2 16. Rd1 Be7 17. Be2 0-0 18. 0-0 Ra7 19. Rf3 Rd7 20. Qh6 Rxd1+ 21. Bxd1 Rf7 22. Rg3+ Kh8 23. Qh5 Qa5 24. Kf1 Qd8 25. Qxf7 Qxd1+ 26. Kf2 Qxc2+ 27. Ke3 Qb3+ 28. Ke2 Qc4+ 29. Kf3 Qd3+ 30. Kg4 Qxe4+ 31. Kh3 Qf5+ 32. Rg4 Qd3+ 33. Kh4 1-0

[Event "Voronezh Master op"]
[Site "Voronezh"]
[Date "2003.06.14"]
[Round "3"]
[White "Deviatkin, Andrei"]
[Black "Morozov, Dmitry"]
[Result "1/2-1/2"]
[WhiteElo "2526"]
[BlackElo "2335"]
[PlyCount "84"]
[EventDate "2003.06.12"]
[EventType "swiss"]
[EventRounds "9"]
[EventCountry "RUS"]
[SourceTitle "CBM 094 Extra"]
[Source "ChessBase"]
[SourceDate "2003.07.09"]
[SourceVersion "2"]
[SourceVersionDate "2003.07.09"]
[SourceQuality "1"]

1. d4 Nf6 2. Nf3 g6 3. Bf4 Bg7 4. e3 0-0 5. h3 c5 6. c3 b6 7. Nbd2 Bb7 8. Be2 Nc6 9. 0-0 d6 10. a4 Qc7 11. Bh2 e5 12. dxe5 dxe5 13. Nc4 Rad8 14. Qb3 Ba6 15. Rfe1 Bxc4 16. Bxc4 Qe7 17. Bb5 Na5 18. Qc2 Nd5 19. Nd2 Nc7 20. Nc4 Nb7 21. Qe4 Nxb5 22. axb5 Nd6 23. Nxd6 Rxd6 24. Red1 Rfd8 25. Rxd6 Rxd6 26. Bg3 Rd7 27. Qa8+ Bf8 28. Qc6 f6 29. Bh4 Bg7 30. g4 Kf7 31. Kg2 Qd8 32. Qe4 Qe7 33. Qc4+ Qe6 34. b3 Qxc4 35. bxc4 Ke6 36. Kf3 Bf8 37. Ke2 e4 38. Bg3 Bd6 39. Bxd6 Rxd6 40. Rd1 Rd7 41. Rxd7 Kxd7 42. f4 g5 1/2-1/2